Внутренний аудит системы менеджмента качества – Внутренний аудитор СМК: электронный курс
| Autor Principal: | |
|---|---|
| Autor Corporativo: | |
| Outros autores: | |
| Summary: | Заглавие с экрана Актуальность курса обусловлена выходом в сентябре 2015 года новых версий стандартов ISO 9000, 9001 и необходимостью внепланового обучения внутренних аудиторов организаций и предприятий. Применительно к новым требованиям стандартов были разработаны тестовые вопросы и деловые игры для отработки практических навыков проведения внутреннего аудита СМК. Доступ по логину и паролю |
| Idioma: | ruso |
| Publicado: |
Томск, TPU Moodle, 2016
|
| Subjects: | |
| Acceso en liña: | https://design.lms.tpu.ru/course/view.php?id=1767 |
| Formato: | Electrónico Libro |
| KOHA link: | https://koha.lib.tpu.ru/cgi-bin/koha/opac-detail.pl?biblionumber=667083 |
MARC
| LEADER | 00000nlm0a2200000 4500 | ||
|---|---|---|---|
| 001 | 667083 | ||
| 005 | 20231102030907.0 | ||
| 035 | |a (RuTPU)RU\TPU\network\38287 | ||
| 035 | |a RU\TPU\network\38286 | ||
| 090 | |a 667083 | ||
| 100 | |a 20220221d2016 m y0rusy50 ca | ||
| 101 | 0 | |a rus | |
| 102 | |a RU | ||
| 105 | |a a j 000zy | ||
| 135 | |a jrcn ---uucaa | ||
| 181 | 0 | |a i | |
| 182 | 0 | |a b | |
| 200 | 1 | |a Внутренний аудит системы менеджмента качества – Внутренний аудитор СМК |e электронный курс |f С. А. Яблокова, М. С. Буреева |g Национальный исследовательский Томский политехнический университет | |
| 203 | |a Текст |c электронный | ||
| 210 | |a Томск |c TPU Moodle |d 2016 | ||
| 230 | |a Электрон. дан. | ||
| 300 | |a Заглавие с экрана | ||
| 330 | |a Актуальность курса обусловлена выходом в сентябре 2015 года новых версий стандартов ISO 9000, 9001 и необходимостью внепланового обучения внутренних аудиторов организаций и предприятий. Применительно к новым требованиям стандартов были разработаны тестовые вопросы и деловые игры для отработки практических навыков проведения внутреннего аудита СМК. | ||
| 333 | |a Доступ по логину и паролю | ||
| 606 | 1 | |a Аудит |2 stltpush |3 (RuTPU)RU\TPU\subj\29811 |9 53071 | |
| 610 | 1 | |a электронный ресурс | |
| 610 | 1 | |a труды учёных ТПУ | |
| 610 | 1 | |a электронное обучение | |
| 610 | 1 | |a электронные курсы ТПУ | |
| 610 | 1 | |a электронные учебные пособия | |
| 610 | 1 | |a ISO-9001 | |
| 610 | 1 | |a управление рисками | |
| 610 | 1 | |a ISO/CD 31000 | |
| 610 | 1 | |a внутренний аудит | |
| 675 | |a 657.6(075.8) |v 3 | ||
| 700 | 1 | |a Яблокова |b С. А. |c специалист в области стандартизации и сертификации |c ведущий эксперт Центра качества Томского политехнического университета |f 1992- |g София Александровна |2 stltpush |3 (RuTPU)RU\TPU\pers\47104 | |
| 701 | 1 | |a Буреева |b М. С. |c специалист в области качества |c эксперт Томского политехнического университета |f 1993- |g Маргарита Сергеевна |2 stltpush |3 (RuTPU)RU\TPU\pers\35133 | |
| 712 | 0 | 2 | |a Национальный исследовательский Томский политехнический университет |c (2009- ) |2 stltpush |3 (RuTPU)RU\TPU\col\15902 |9 26305 |
| 801 | 2 | |a RU |b 63413507 |c 20220808 |g RCR | |
| 856 | 4 | |u https://design.lms.tpu.ru/course/view.php?id=1767 | |
| 942 | |c CF | ||